Central Library OPAC University of Rajshahi

The changing agenda : (Record no. 42256)

MARC details
000 -LEADER
fixed length control field 00845nam a2200277 a 4500
001 - CONTROL NUMBER
control field 42256
003 - CONTROL NUMBER IDENTIFIER
rucl marc code BD-RjUL
005 - DATE AND TIME OF LATEST TRANSACTION
control field 20211209053520.0
008 - FIXED-LENGTH DATA ELEMENTS--GENERAL INFORMATION
fixed length control field 910729s1988 e a b 001 0 eng d
020 ## - INTERNATIONAL STANDARD BOOK NUMBER
International Standard Book Number 0813304121
International Standard Book Number 081330413X (pbk.)
035 ## - SYSTEM CONTROL NUMBER
System control number (BD-RjUL)42374
040 ## - CATALOGING SOURCE
Original cataloging agency DLC
Transcribing agency DLC
Language of cataloging eng
Modifying agency BD-RjUL
041 ## - LANGUAGE CODE
Language code of text/sound track or separate title eng
082 ## - DEWEY DECIMAL CLASSIFICATION NUMBER
Classification number 327.0904
Edition number 23
Author mark and year WOC 1988
100 10 - MAIN ENTRY--PERSONAL NAME
Personal name Woodby, Sylvia.
9 (RLIN) 129630
245 14 - TITLE STATEMENT
Title The changing agenda :
Remainder of title world politics since 1945 /
Statement of responsibility, etc. Sylvia Woodby, Martha L. Cottam.
260 ## - PUBLICATION, DISTRIBUTION, ETC. (IMPRINT)
Place of publication, distribution, etc. Boulder, Col. ; London :
Name of publisher, distributor, etc. Westview press,
Date of publication, distribution, etc. c1988
300 ## - PHYSICAL DESCRIPTION
Pagination xiv, 225 p. :
Illustrations ill. ;
Size 24 cm.
500 ## - GENERAL NOTE
General note Includes index.
504 ## - BIBLIOGRAPHY, ETC. NOTE
Bibliography, etc Bibliography: p. 197-204.
650 #0 - SUBJECT ADDED ENTRY--TOPICAL TERM
Topical term or geographic name as entry element World politics
Chronological subdivision 1945-1955.
9 (RLIN) 129950
700 1# - ADDED ENTRY--PERSONAL NAME
Personal name Cottam, Martha L.
942 ## - ADDED ENTRY ELEMENTS (KOHA)
Source of classification or shelving scheme Dewey Decimal Classification
Koha item type Books
Holdings
Lost status Source of classification or shelving scheme Damaged status Not for loan Collection code Permanent Location Current Location Shelving location Date acquired Source of acquisition Cost, normal purchase price Total Checkouts Full call number Date last seen Copy number Koha item type
  Dewey Decimal Classification     Non-fiction Central Library, University of Rajshahi Central Library, University of Rajshahi   10/10/1992 Gift 0.00   327.0904 WOC1988 11/06/2016 C-2 Books